00886nam a22002415a 450000500170000000800410001701000140005802000250007203500130009703700150011004000180012508200130014310000240015624500590018026000500023927000600028930000230034950000410037265000410041394200270045499900170048195201460049820090523144657.0080726s2008 ii a b 001 0 eng  aENG-93690 a978812305539c695.00 aEN-77223 bDBAD / PUB adplbEnglish  a488.0071 aKleiser, Grenville  aSpeak and write better english /cby Grenville Kleiser aNew Delhi bAPH Publishing Corporation c2009 a4435-36/7, Ansari Road, Daryaganj, bNew Delhi e110002 av, 274p.c23cm(Hb) aIncludes bibliographical references  aEnglish languagexStudy and teaching 2ddccENmKLEh488.0071 c26726d26726 00102ddc40718NFICaDBADbDBADd2009-05-23eDBAD / PUBg695.00l0o488.0071 KLEpEN-77223r2009-05-23 00:00:00t1v695.00w2009-05-23yEN